000 00657nam a2200169 i 4500
001 138498
003 ES-MaACL
005 20230906195557.0
007 t|
008 070214s1919 sp r ||||1| spa d
100 1 _aSan Martín y Falcón, José de.
_9102276
245 1 0 _aInfluencia que puede ejercer en la vida y porvenir de España la apertura y explotación del Canal Interoceánico de Panamá por los Estados Unidos norte-americanos /
_cpor José de San-Martín y Falcón.
260 _aValencia :
_b[s. n.],
_c1919 (
_fPapelería de José Jarque)
300 _a65 p. ;
_c21 cm.
651 4 _aCanal de Panamá.
_97941
852 _aES-MaACL
_j1572-F-21
999 _c138498
_d138498